Bạn muốn trở thành chuyên viên về hệ điều hành? Microsoft MS-DOS 6.0; T1

Zapisane w:
Opis bibliograficzny
1. autor: Dương Quang Thiện
Format: Książka
Język:Undetermined
Wydane: Hà Nội Thống Kê 1998
Hasła przedmiotowe:
Etykiety: Dodaj etykietę
Nie ma etykietki, Dołącz pierwszą etykiete!
Thư viện lưu trữ: Trung tâm Học liệu Trường Đại học Cần Thơ
LEADER 00649nam a2200205Ia 4500
001 CTU_28731
008 210402s9999 xx 000 0 und d
020 |b 32.000đ 
082 |a 005.43 
082 |b Th305/T1 
100 |a Dương Quang Thiện 
245 0 |a Bạn muốn trở thành chuyên viên về hệ điều hành? 
245 0 |b Microsoft MS-DOS 6.0; T1 
245 0 |c Dương Quang Thiện, SAMIS 
260 |a Hà Nội 
260 |b Thống Kê 
260 |c 1998 
650 |a ms-dos,operating systems ( computers ) 
904 |i Minh, 990303 
980 |a Trung tâm Học liệu Trường Đại học Cần Thơ